Open Data Biblioteca Nacional de Portugal


República Portuguesa: Ministério da Cultura
Biblioteca Nacional de Portugal

Catálogo da BNP: acesso por Identificadores Unívocos
Registos Bibliográficos associados ao registo de autoridade

Etiqueta de registo: 00254nam 2200025 450
001 2288949
003 http://id.bnportugal.gov.pt/bib/catbnp/2288949
100 ## $a20260626d2026 k y0pory01030103ba
101 0# $aeng$dpor
102 ## $aPT
105 ## $ay z 000yy
106 ## $ar
200 1# $aImproving nutrient biovailability through high-solids alkaline processing$eimplications for growth performance, redox staus, and immunity in Europrean seabass$fCatarina Ramos Oliveira$gorient. Maria Helena Tabuaço Rego Martins Peres, Aires Manuel Pereira de Oliva Teles, Isabel Maria Pires Belo
210 #9 $aPorto$c[s.n.],$d2026
215 ## $a[2] f., XXIII, 285 p.$d30 cm
300 ## $aAcesso não autorizado pelo autor por um período de 12 meses
328 #1 $aTese doutoramento Biologia, Universidade do Porto, Faculdade de Ciências, 2026
700 #1 $aOliveira,$bCatarina Ramos$32001831
702 #1 $aPeres,$bMaria Helena Tabuaço Rêgo Martins$4727$3221720
702 #1 $aTeles,$bAires Oliva$4727$3238650
702 #1 $aBelo,$bIsabel,$f1964-$4727$31148621
801 #0 $aPT$bBN$gRPC
966 ## $lBN$mFGMON$x1
971 ## $cjbeatriz$d20260626

OpendataBNP@bnportugal.pt | Mais informação sobre acesso aos dados BNP